000 00868nas a2200289 4500
001 BR0603738
003 BR-BrBNA
005 20231205110249.0
007 ta
008 230509b bl.|||p| |||| 00| 00por d
040 _aBR-BrBNA
_bpor
_cBiblioteca Nacional de Agricultura
041 _a(Pt)
072 _aQ04; Q80
100 1 _aCarvalho, R.A. de
100 1 _aGrosso, C.R.F.
245 1 _aEfeito do tratamento térmico e enzimático nas propriedades de filmes de gelatina
650 _aBIOFILME
650 _aTEMPERATURA
650 _aGELATINA
650 _aPROTEÍNA
650 _aEMBALAGEM
650 _aPROPRIEDADE FÍSICO-QUÍMICA
650 _aENZIMA
773 0 _tCiência e Tecnologia de Alimentos (Brazil)
_xISSN 0101-2061
_g(Jul-Sep 2006), v. 26(3) p. 495-500
_wBR0603738
909 _a202311
_bLúcia
_c55
_dLúcia Elande
942 _2AGRIS
_n0
_cANA
999 _c186735
_d186735